00418nam a2200169Ia 450000500170000000800410001702000150005808200210007310000150009424500290010926000310013830000150016965000100018465000130019465000200020765000210022720250117045811.0240331s9999 xx 000 0 und d a8187036524 bKAU24707a305.3 aKaushik, V 0aGolden Thoughts on Women aJaipurbBook Enclavec2001 av, 426 p., aWomen aReligion aWomen Education aWomen Profession